Poistenie a poisťovníctvo
Recenzia s ukážkou publikácie autorky V. Čejkovej Poistenie a poisťovníctvo, ktorá vyšla vo vydavateľstve Elita. Popis štyroch kapitol s názvami: Poistenie a poisťovníctvo, Klasifikácia poistení, Zaistenie, Poistná terminológia. Publikácia obsahuje prílohu - Zoznam poisťovateľov pôsobiacich v Sloven...
Gespeichert in:
| 1. Verfasser: | |
|---|---|
| Weitere Verfasser: | |
| Format: | Buchkapitel |
| Sprache: | Slowakisch |
| Schlagworte: | |
| Tags: |
Keine Tags, Fügen Sie das erste Tag hinzu!
|
MARC
| LEADER | 00000naa a2200000 4500 | ||
|---|---|---|---|
| 001 | r018014 | ||
| 005 | 20230221071543.6 | ||
| 041 | 0 | |a slo | |
| 044 | |a CZ | ||
| 245 | 1 | 0 | |a Poistenie a poisťovníctvo |c J. Báhidský, Viktória Čejková |
| 520 | |a Recenzia s ukážkou publikácie autorky V. Čejkovej Poistenie a poisťovníctvo, ktorá vyšla vo vydavateľstve Elita. Popis štyroch kapitol s názvami: Poistenie a poisťovníctvo, Klasifikácia poistení, Zaistenie, Poistná terminológia. Publikácia obsahuje prílohu - Zoznam poisťovateľov pôsobiacich v Slovenskej republike. | ||
| 610 | 2 | 0 | |a recenzie |
| 610 | 2 | 0 | |a poistenie |
| 610 | 2 | 0 | |a poisťovníctvo |
| 610 | 2 | 0 | |a zaistenie |
| 610 | 2 | 0 | |a pojmy |
| 610 | 2 | 0 | |a klasifikácia |
| 610 | 2 | 0 | |a poisťovatelia |
| 610 | 2 | 0 | |a adresáre |
| 610 | 2 | 0 | |a Slovensko |
| 100 | 1 | |a Báhidský, Ján | |
| 700 | 1 | |a Čejková, Viktória | |